000 01841cam a22004934i 4500
003 PE-LiUPU
005 20250731173017.0
008 150623s1996 is rb 000 0 eng d
020 _a1575060051
035 _a(Sirsi) i9781575060057
040 _aPE-LiUPU
_bspa
_cPE-LiUPU
_erda
049 _aPRUA
082 0 4 _a221.67
_bC24
_221
245 0 0 _aCommunity, identity, and ideology :
_bsocial science approaches to the Hebrew Bible /
_cEditado por Charles E. Carter y Carol L. Meyers.
264 1 _aWinona Lake, Indiana :
_bEisenbrauns,
_c1996.
300 _a574 páginas ;
_c24 centímetros.
336 _atext
_2rdacontent
337 _aunmediated
_2rdamedia
338 _avolume
_2rdacarrier
490 1 _aSources for Biblical and Theological Study ;
_v6
504 _aBibliografía al pie de páginas.
505 0 _aAnthropologists, sociologists, an Biblical world -- Case studies -- Israel and its institutions: social science perspectives.
526 _aSEG42
526 _aSEG41
526 _aSEG40
526 _aSEG39
526 _aP94
526 _aP87
526 _aP86
526 _aP85
526 _aP77
526 _aP76
526 _aP35
630 _aBiblia.
_pA.T.
_xCrítica, interpretación, etc.
650 0 4 _aPalestina
_xVida social y costumbres, 70 d. C.
700 1 _aCarter, Charles E.,
_eeditor.
700 1 _aMeyers, Carol L.,
_eeditor.
942 _2ddc
_cBOOK
949 _a221.67 C24
_wDEWEY
_c1
_i47335
_lCCODEBUL1
_mBUL
_r0
_sY
_tBOOK
_u2015-6-24
_xTEOLOGIA
_PP35
_0COMPRA
_o.STAFF. Colección Teología
994 _aC0
_bPEPRU
596 _a1
999 _a221.67 C24
_wDEWEY
_c23887
_i47335
_f2021-11-9
_g5
_lCCODEBUL1
_mBUL
_p30.00
_r0
_sY
_tBOOK
_u2015-6-24
_xTEOLOGIA
_PP35
_0COMPRA
_o.STAFF. Colección Teología
_d23887
980 _81
_gALBERTO SANCHEZ Responsable de Automatización